=LDR 00000nam 2200000 4500 =001 INLIS000000000000586 =005 20230126101138 =035 ##$$a 0010-0123000386 =007 ta =008 230126################g##########0#eng## =082 ##$$a 612.6 =084 ##$$a 612.6 AZI i =100 1#$$a Aziz, Datin Dr. Nor Laily =245 1#$$a "Impact of Family Planning on Perinatal Mortality" /$c Datin Dr. Nor Laily Aziz, MBBS, MSC =260 ##$$a Malaysia :$b National Family Planning Board,$c 1980 =300 ##$$a 48 cm ; $c 25 cm =650 #4$$a Family Planning